[Event "AUTO-OPEN-4632"]
[Site "http://www.queenalice.com/game.php?id=1867469"]
[Date "2025.12.29"]
[Round "1"]
[White "harvir"]
[Black "SGF"]
[Result "1-0"]
[WhiteElo "1913"]
[BlackElo "1665"]

1. d4 d5 2. Nf3 f6 3. c4 dxc4 4. e3 Bg4 5. Bxc4 a6 6. Qb3 b5 7. Bf7+ Kd7 8. Qd5+
Kc8 9. Qxa8 e6 10. O-O Qd7 11. Bxg8 Rxg8 12. h3 Bxf3 13. Qxf3 Nc6 14. a4 bxa4
15. Rxa4 a5 16. Bd2 e5 17. dxe5 fxe5 18. Rc1 Nd4 19. Qa8# 1-0

[Event "AUTO-OPEN-4632"]
[Site "http://www.queenalice.com/game.php?id=1867470"]
[Date "2025.12.29"]
[Round "1"]
[White "SGF"]
[Black "harvir"]
[Result "1-0"]
[WhiteElo "1736"]
[BlackElo "1811"]

1. e4 e5 2. Qf3 Nc6 3. c3 Nf6 4. d3 d6 5. Be2 Be7 6. Qg3 Be6 7. Bf3 g6 8. h4 h5
9. a4 Bb3 10. a5 Bc2 11. a6 b6 12. Kd2 Bb3 13. Ne2 Qd7 14. Ra3 Na5 15. Qh3 Qb5
16. Ng3 d5 17. exd5 Rd8 18. Ne4 Nxd5 19. c4 Qb4+ 20. Nbc3 Bxc4 21. dxc4 Nf4+ 22.
Kc2 Nxh3 23. Rxh3 Qxc4 24. Be2 Qc6 25. Bb5 1-0

[Event "Let's Play Chess!"]
[Site "http://www.queenalice.com/game.php?id=1867514"]
[Date "2026.1.4"]
[Round "-"]
[White "alow_proton"]
[Black "harvir"]
[Result "1-0"]
[WhiteElo "2057"]
[BlackElo "1910"]

1. e4 e5 2. f4 Qh4+ 3. g3 Qf6 4. Qf3 exf4 5. gxf4 Na6 6. Bc4 Qh4+ 7. Qg3 Qxg3+
8. hxg3 h5 9. Bxa6 bxa6 10. d4 Nf6 11. e5 Ng4 12. c4 Bb7 13. Rh4 Be7 14. d5 Bxh4
15. gxh4 O-O 16. Nc3 d6 17. exd6 cxd6 18. Kd1 Rac8 19. b3 Nf2+ 20. Ke2 Ng4 21.
Kf3 Rfe8 22. Ne4 Rcd8 23. Bd2 f5 24. Ng5 Re4 25. Nxe4 fxe4+ 26. Kxe4 Re8+ 27.
Kd4 Nf6 28. Re1 Rf8 29. Re7 Bc8 30. Nf3 Bf5 31. Ng5 Nh7 32. Nxh7 Bxh7 33. Re6
Rd8 34. Bb4 Bb1 35. a3 Bc2 36. Kc3 1-0

[Event "Let's Play Chess!"]
[Site "http://www.queenalice.com/game.php?id=1867515"]
[Date "2026.1.4"]
[Round "-"]
[White "harvir"]
[Black "alow_proton"]
[Result "0-1"]
[WhiteElo "1840"]
[BlackElo "2076"]

1. e4 c5 2. d4 cxd4 3. Qxd4 Nc6 4. Qd2 Nf6 5. Nc3 e6 6. Bb5 Qc7 7. a4 a6 8. Bd3
Bb4 9. Qe3 O-O 10. Qh3 d5 11. exd5 exd5 12. Qg3 Qxg3 13. hxg3 d4 14. Ne2 dxc3
15. bxc3 Ba5 16. Bg5 Re8 17. O-O Nd5 18. Rad1 Nxc3 19. Nxc3 Bxc3 20. Be3 Bg4 21.
f3 Bh5 22. g4 Bxg4 23. fxg4 Rxe3 24. Kf2 Bd4 25. Kg1 Rxd3+ 26. Kh2 Rxd1 27. Rxd1
Be5+ 0-1

[Event "Let's Play Chess!"]
[Site "http://www.queenalice.com/game.php?id=1867522"]
[Date "2026.1.10"]
[Round "-"]
[White "harvir"]
[Black "WoodpusherKid"]
[Result "0-1"]
[WhiteElo "1791"]
[BlackElo "2674"]

1. d4 d5 2. c4 e6 3. Nc3 Nf6 4. Bg5 Be7 5. e3 h6 6. Bh4 O-O 7. Nf3 b6 8. Rc1 Bb7
9. Be2 dxc4 10. Bxc4 Nbd7 11. Bg3 Nh5 12. O-O Nxg3 13. hxg3 Nf6 14. Be2 c5 15.
dxc5 Bxc5 16. Ne5 Rc8 17. Qa4 Bd6 18. Bf3 Bxe5 0-1

[Event "Let's Play Chess!"]
[Site "http://www.queenalice.com/game.php?id=1867523"]
[Date "2026.1.10"]
[Round "-"]
[White "WoodpusherKid"]
[Black "harvir"]
[Result "1-0"]
[WhiteElo "2668"]
[BlackElo "1793"]

1. c4 c5 2. Nf3 Nf6 3. Nc3 e6 4. g3 Nc6 5. Bg2 Be7 6. d4 cxd4 7. Nxd4 Bb4 8. O-O
O-O 9. Bf4 Na5 10. Ncb5 Nxc4 11. Qb3 Qe7 12. Qxc4 d5 13. Qc7 a6 14. Qxe7 Bxe7
15. Nc7 Ra7 16. Rfc1 1-0

[Event "Let's Play Chess!"]
[Site "http://www.queenalice.com/game.php?id=1867524"]
[Date "2026.1.4"]
[Round "-"]
[White "harvir"]
[Black "alterego"]
[Result "1-0"]
[WhiteElo "1883"]
[BlackElo "1639"]

1. e4 g6 2. d4 Bg7 3. Nf3 e6 4. Bc4 a6 5. Nc3 Ne7 6. O-O b5 7. Bb3 O-O 8. d5 d6
9. Bg5 exd5 10. Nxd5 Qd7 11. Nxe7+ Kh8 12. Nxc8 Qxc8 13. Bd5 c6 14. Bb3 Nd7 15.
Qxd6 Bxb2 16. Rab1 Bg7 17. Rbd1 Nb6 18. Ne5 f6 19. Be3 fxe5 20. Bxb6 Rf6 21. Qc5
Bf8 22. Qxe5 Bg7 23. Qe7 h5 24. Bd4 1-0